书目信息 |
| 题名: |
岁月缤纷
|
|
| 作者: | 赵忠祥 著 | |
| 分册: | ||
| 出版信息: | 天津 百花文艺出版社 2007.08 |
|
| 页数: | 224页, [4] 页图版 | |
| 开本: | 24cm | |
| 丛书名: | ||
| 单 册: | ||
| 中图分类: | I267 | |
| 科图分类: | ||
| 主题词: | 散文--san wen--中国--当代--作品集 | |
| 电子资源: | ||
| ISBN: | 978-7-5306-4767-7 | |
| 000 | 00799nam0 2200229 450 | |
| 001 | 012008496064 | |
| 005 | 20080414095244.07 | |
| 010 | @a978-7-5306-4767-7@dCNY28.00 | |
| 100 | @a20080414d2007 em y0chiy0120 ea | |
| 101 | 0 | @achi |
| 102 | @aCN@b120000 | |
| 105 | @aaf z 000cy | |
| 106 | @ar | |
| 200 | 1 | @a岁月缤纷@Asui yue bin fen@f赵忠祥著@Fzhao zhong xiang zhu |
| 210 | @a天津@c百花文艺出版社@d2007.08 | |
| 215 | @a224页, [4] 页图版@c图@d24cm | |
| 330 | @a本书中收录了赵忠祥累积多年的国画作品、旧体诗、小散文、收藏品以及这些“宝贝”背后的故事,其中主要写了他和刘海粟、李可染、黄胄等国画大师交往的逸闻趣事。 | |
| 606 | 0 | @a散文@Asan wen@y中国@z当代@j作品集 |
| 690 | @aI267@v4 | |
| 701 | 0 | @a赵忠祥@Azhao zhong xiang@4著 |
| 801 | 0 | @aCN@bQSSK@c20080414 |
| 905 | @b292425-27@dI267@eZ347@f3 | |
| 岁月缤纷/赵忠祥著.-天津:百花文艺出版社,2007.08 |
| 224页, [4] 页图版:图;24cm |
| ISBN 978-7-5306-4767-7:CNY28.00 |
| 本书中收录了赵忠祥累积多年的国画作品、旧体诗、小散文、收藏品以及这些“宝贝”背后的故事,其中主要写了他和刘海粟、李可染、黄胄等国画大师交往的逸闻趣事。 |
| ● |
| 相关链接 |
|
|
|
正题名:岁月缤纷
索取号:I267/Z347
 
预约/预借
| 序号 | 登录号 | 条形码 | 馆藏地/架位号 | 状态 | 备注 |
| 1 | 292425 | 202924256 | 社科二线422/422社科库 13排2列5层/ [索取号:I267/Z347] | 在馆 | |
| 2 | 292426 | 202924265 | 社科二线400B/116文学库 8排6列1层/ [索取号:I267/Z347] | 在馆 | |
| 3 | 292427 | 202924274 | 文学库116/116文学库 8排6列1层/ [索取号:I267/Z347] | 在馆 |